| 000 | 00673nam a2200193 i 4500 | ||
|---|---|---|---|
| 001 | 73738 | ||
| 003 | ES-MaACL | ||
| 005 | 20230906171917.0 | ||
| 007 | t| | ||
| 008 | 040910q1973 sp ||||1| spa d | ||
| 100 | 0 |
_aGómez-Tabanera, José Manuel, _d1926-2011 _958165 |
|
| 245 | 1 | 3 |
_aLa Edad de Bronce en Asturias / _cJosé Manuel Gómez-Tabanera. |
| 260 |
_a[S. l. : _bs.n., _c1983?] |
||
| 300 |
_a8 h. : _bil. ; _c24 cm. |
||
| 500 | _aEs Separata del: XIII Congreso Nacional de Arqueología, Huelva, 1973, p. 513-528. | ||
| 711 | 2 |
_aCongreso Nacional de Arqueología ( _n13º. _d1973. _cHuelva) _9514 |
|
| 852 |
_aES-MaACL _j2100-F-29 _bR.93466 |
||
| 999 |
_c73738 _d73738 |
||